[Event "AUTO-MASTER-121"]
[Site "http://www.queenalice.com/game.php?id=85144"]
[Date "2006.7.12"]
[Round "2"]
[White "marte"]
[Black "CPereira"]
[Result "1-0"]
[WhiteElo "2164"]
[BlackElo "1874"]

1. d4 Nf6 2. c4 e6 3. Nf3 d5 4. e3 Nc6 5. a3 Be7 6. Nc3 O-O 7. Bd3 dxc4 8. Bxc4
a6 9. O-O b5 10. Bd3 Bb7 11. Qc2 1-0

[Event "AUTO-MASTER-121"]
[Site "http://www.queenalice.com/game.php?id=85145"]
[Date "2006.7.12"]
[Round "2"]
[White "CPereira"]
[Black "marte"]
[Result "0-1"]
[WhiteElo "1870"]
[BlackElo "2167"]

1. d4 d5 2. Bf4 Nf6 3. e3 e6 4. Nf3 Be7 5. h3 Nbd7 6. Bd3 O-O 7. O-O c5 8. Nc3
a6 9. a4 b6 10. Re1 Bb7 0-1

[Event "AUTO-MASTER-121"]
[Site "http://www.queenalice.com/game.php?id=85148"]
[Date "2006.7.12"]
[Round "2"]
[White "CPereira"]
[Black "Catalin"]
[Result "1-0"]
[WhiteElo "1987"]
[BlackElo "1997"]

1. d4 d5 2. Bf4 Nc6 3. e3 Nf6 4. Nf3 a6 5. c4 Bg4 6. Qb3 Bxf3 7. gxf3 b6 8. Nd2
e6 9. Qa4 Qd7 10. cxd5 Nxd5 11. Bb5 axb5 12. Qxa8+ Nd8 13. Be5 Bb4 14. Bxg7 Rg8
15. Be5 Bxd2+ 16. Kxd2 f6 17. Bg3 c5 18. Qb8 cxd4 19. e4 Ne7 20. Qxb6 Kf7 21.
Rac1 e5 22. Rc7 Qe8 23. Rhc1 Ne6 24. R1c6 Rxg3 25. Rxe6 Rxf3 26. Ke2 Rf4 27. Qd6
Rxe4+ 28. Kd3 1-0

[Event "AUTO-MASTER-121"]
[Site "http://www.queenalice.com/game.php?id=85149"]
[Date "2006.7.12"]
[Round "2"]
[White "Catalin"]
[Black "CPereira"]
[Result "1-0"]
[WhiteElo "2014"]
[BlackElo "1973"]

1. e4 e6 2. d4 d5 3. e5 c5 4. c3 Nc6 5. Nf3 f6 6. Bb5 Bd7 7. O-O cxd4 8. Bxc6
bxc6 9. Nxd4 c5 10. Nc2 Qb8 11. Re1 fxe5 12. Qh5+ g6 13. Qxe5 Qxe5 14. Rxe5 Bd6
15. Re2 Nf6 16. Nd2 O-O 17. b3 Ng4 18. h3 Ne5 19. a4 Nd3 20. Ba3 Nf4 21. Ree1
Rf7 22. Rad1 Nd3 23. Re2 Raf8 24. f3 a5 25. Ne4 dxe4 26. Rxe4 Bh2+ 27. Kxh2 Nf2
28. Rxd7 Rxd7 29. Rxe6 Nd3 30. Ne1 Rc8 31. c4 Nxe1 32. Rxe1 Rd3 33. Re5 Rxb3 34.
Bxc5 Rb2 35. Bd4 Ra2 36. Rxa5 Rxc4 37. Ra8+ Kf7 38. Ra7+ 1-0

[Event "Challenge"]
[Site "http://www.queenalice.com/game.php?id=103814"]
[Date "2006.9.8"]
[Round "-"]
[White "menssor"]
[Black "CPereira"]
[Result "0-1"]
[WhiteElo "1473"]
[BlackElo "1908"]

1. d4 Nf6 2. Nc3 d5 3. Nf3 e6 4. Ne5 c6 5. e3 Nbd7 6. Nxd7 Bxd7 7. g4 h6 8. f3
Bd6 9. f4 Ne4 10. Nxe4 dxe4 11. Bc4 Qh4+ 12. Kd2 c5 13. Qe1 Qxe1+ 14. Rxe1 cxd4
15. exd4 Rc8 16. b3 b5 17. Bf1 Bb4+ 18. c3 Bxc3+ 19. Kd1 Bxa1 20. Rxe4 O-O 21.
g5 Bc6 22. d5 Bxd5 23. Re5 Bxe5 24. Ba3 Bxf4 25. Bxf8 Kxf8 26. Bxb5 hxg5 27. Bd7
Rd8 28. Bb5 Bc4+ 29. Kc2 Bxb5 30. a4 Rc8+ 31. Kb2 Bd3 32. h3 Rc2+ 33. Ka3 Bd6+
34. b4 Bc4 35. a5 Ra2# 0-1

[Event "AUTO-ADV-273"]
[Site "http://www.queenalice.com/game.php?id=116807"]
[Date "2006.10.13"]
[Round "1"]
[White "TainanTomaz"]
[Black "CPereira"]
[Result "0-1"]
[WhiteElo "1697"]
[BlackElo "1917"]

1. c4 e5 2. Nc3 Nf6 3. g3 d5 4. cxd5 Nxd5 5. Bg2 Nxc3 6. bxc3 Be7 7. Nf3 Nc6 8.
O-O e4 9. Ne1 Qd5 10. d3 Qa5 11. Qb3 exd3 12. exd3 O-O 13. Bb2 Rd8 14. c4 Qb4
15. Rd1 Bf5 16. d4 Na5 17. Qxb4 Bxb4 18. c5 Nc4 19. Bc1 c6 20. Nd3 Bc3 21. Ne5
Nxe5 22. dxe5 Bd3 23. Bg5 f6 24. exf6 gxf6 25. Bxf6 Bxf6 26. Rfe1 Bf5 0-1

[Event "AUTO-ADV-273"]
[Site "http://www.queenalice.com/game.php?id=116808"]
[Date "2006.10.13"]
[Round "1"]
[White "CPereira"]
[Black "TainanTomaz"]
[Result "1-0"]
[WhiteElo "1901"]
[BlackElo "1684"]

1. Nf3 d5 2. d4 Nf6 3. Bf4 e6 4. e3 c5 5. Nc3 Nc6 6. Nb5 Qa5+ 7. b4 cxb4 8. Nc7+
Kd7 9. Nxa8 b3+ 10. Nd2 bxa2 11. c3 Qxc3 12. Rxa2 Ne4 13. Bb5 Nxd2 14. Qxd2 Bb4
15. Qxc3 Bxc3+ 16. Ke2 Ba5 17. Rxa5 1-0

[Event "AUTO-ADV-273"]
[Site "http://www.queenalice.com/game.php?id=116821"]
[Date "2006.10.13"]
[Round "1"]
[White "Fredov"]
[Black "CPereira"]
[Result "0-1"]
[WhiteElo "1675"]
[BlackElo "1910"]

1. e4 e6 2. d4 d5 3. Nc3 Be7 4. Nf3 Nf6 5. e5 Ne4 6. Bd2 c5 7. Bd3 Nxd2 8. Qxd2
cxd4 9. Nxd4 O-O 10. O-O f6 11. f4 Bc5 12. Ne2 Nc6 13. c3 fxe5 14. fxe5 Nxe5 15.
Kh1 Nxd3 16. Qxd3 e5 17. Nb3 e4 18. Qb5 Bf2 19. Rad1 Bg4 20. Nbc1 a6 21. Qxd5+
Qxd5 22. Rxd5 Be3 23. Rxf8+ Rxf8 24. h3 Bxe2 25. Nxe2 Rf2 26. Ng3 Bf4 27. Kh2 h6
28. h4 Rxb2 29. Kh3 Bxg3 30. Kxg3 Rxa2 31. Re5 Rc2 32. Rxe4 Rxc3+ 33. Kh2 b5 34.
Re8+ Kh7 35. Ra8 Rc6 36. Rb8 Rc4 37. g3 b4 38. Ra8 b3 39. Rxa6 Rb4 40. Ra1 b2
41. Rb1 Kg6 0-1

[Event "AUTO-ADV-273"]
[Site "http://www.queenalice.com/game.php?id=116822"]
[Date "2006.10.13"]
[Round "1"]
[White "CPereira"]
[Black "Fredov"]
[Result "1-0"]
[WhiteElo "1892"]
[BlackElo "1721"]

1. e4 c5 2. Nf3 Nc6 3. Nc3 e5 4. Bc4 d6 5. d3 Nf6 6. Ng5 Be6 7. Nxe6 fxe6 8.
Bxe6 Nd4 9. Bc4 Nd7 10. O-O Qe7 11. Nd5 Qd8 12. c3 Nc6 13. Qh5+ g6 14. Qg4 Ne7
15. Bg5 h6 16. Bxe7 Bxe7 17. Qxg6+ Kf8 18. Nc7 1-0

[Event "AUTO-ADV-273"]
[Site "http://www.queenalice.com/game.php?id=116831"]
[Date "2006.10.13"]
[Round "1"]
[White "CPereira"]
[Black "rsgaspar"]
[Result "1-0"]
[WhiteElo "1877"]
[BlackElo "1682"]

1. d4 d5 2. Bf4 e6 3. e3 a6 4. Nf3 h6 5. c4 c6 6. Bd3 Bb4+ 7. Nc3 Qa5 8. Qb3 Nf6
9. O-O Nbd7 10. c5 Bxc3 11. bxc3 b6 12. Bc7 Ra7 13. cxb6 Rb7 14. Rfb1 O-O 15.
Qb4 Ne8 16. Qxa5 1-0

[Event "AUTO-ADV-273"]
[Site "http://www.queenalice.com/game.php?id=116832"]
[Date "2006.10.13"]
[Round "1"]
[White "rsgaspar"]
[Black "CPereira"]
[Result "0-1"]
[WhiteElo "1672"]
[BlackElo "1885"]

1. e4 e6 2. d4 d5 3. exd5 exd5 4. h3 Nf6 5. Bg5 h6 6. Bh4 Nc6 7. Qe2+ Be7 8.
Bxf6 gxf6 9. Nf3 Be6 10. a3 Qd6 11. Nc3 O-O-O 12. Nb5 Qd7 13. Qd2 h5 14. Bd3
Rdg8 15. g3 Bxh3 16. O-O-O Bf8 17. Kb1 Bh6 18. Qe1 Bg4 19. Nh4 Re8 20. Qc3 Kb8
21. Rde1 a6 22. Bf5 Bxf5 23. Nxf5 Qxf5 24. Qc5 Rxe1+ 25. Rxe1 axb5 26. Qxb5 Qxf2
27. Rf1 Qxd4 28. Rxf6 Qxf6 0-1

[Event "Challenge"]
[Site "http://www.queenalice.com/game.php?id=119262"]
[Date "2006.10.20"]
[Round "-"]
[White "bruno_santiago"]
[Black "CPereira"]
[Result "1-0"]
[WhiteElo "1993"]
[BlackElo "1989"]

1. Nf3 d5 2. g3 c5 3. Bg2 Bf5 4. O-O Nc6 5. d3 Nf6 6. c3 e5 7. Nbd2 Be7 8. Re1
O-O 9. e4 dxe4 10. dxe4 Nxe4 11. Qb3 Nxd2 12. Nxd2 Rb8 13. Bxc6 bxc6 14. Qc4 Bd3
15. Qg4 Qd5 16. Nf1 f5 17. Qh3 Rb7 18. Ne3 1-0

[Event "AUTO-MASTER-220"]
[Site "http://www.queenalice.com/game.php?id=119727"]
[Date "2006.10.21"]
[Round "1"]
[White "dilucia"]
[Black "CPereira"]
[Result "1-0"]
[WhiteElo "2222"]
[BlackElo "1996"]

1. d4 Nf6 2. c4 e6 3. Nc3 Bb4 4. e3 O-O 5. Bd3 b6 6. Qf3 Nc6 7. Ne2 Ba6 8. e4 e5
9. a3 Ba5 10. b4 exd4 11. Nd5 Nxd5 12. exd5 Ne5 13. Qe4 Nxd3+ 14. Qxd3 Qe7 15.
O-O c6 16. dxc6 dxc6 17. bxa5 Rad8 18. axb6 Qc5 19. Qg3 f6 20. Bh6 Rf7 21. bxa7
Qxa7 22. Nf4 Rc8 23. Nh5 g6 24. Rac1 Qc5 25. Nf4 Qd6 26. c5 Qd7 27. Rfe1 d3 28.
Rcd1 d2 29. Re4 1-0

[Event "AUTO-MASTER-220"]
[Site "http://www.queenalice.com/game.php?id=119728"]
[Date "2006.10.21"]
[Round "1"]
[White "CPereira"]
[Black "dilucia"]
[Result "0-1"]
[WhiteElo "2003"]
[BlackElo "2216"]

1. e4 c5 2. Nf3 d6 3. Nc3 Nf6 4. Bb5+ Bd7 5. Bxd7+ Nbxd7 6. d3 e6 7. O-O Be7 8.
a4 O-O 9. a5 a6 10. Bf4 Nh5 11. Be3 Nhf6 12. Qd2 d5 13. Bf4 b5 14. axb6 Qxb6 15.
b3 dxe4 16. dxe4 Rfd8 17. Qe2 c4 18. bxc4 Qb4 19. Na4 Rac8 20. Nd2 e5 21. Rfb1
Qd6 22. Be3 Rb8 23. Nc3 Rxb1+ 24. Rxb1 Rb8 25. Ra1 Qc6 26. Nd5 Bf8 27. Qd3 Nc5
28. Bxc5 Bxc5 29. Nb3 Nd7 0-1

[Event "AUTO-MASTER-220"]
[Site "http://www.queenalice.com/game.php?id=119741"]
[Date "2006.10.21"]
[Round "1"]
[White "QuickQuickSlow"]
[Black "CPereira"]
[Result "0-1"]
[WhiteElo "1925"]
[BlackElo "1973"]

1. e4 e6 2. d4 d5 3. Nc3 Be7 4. exd5 exd5 5. Bd3 Nc6 6. Nge2 Nf6 7. O-O O-O 8.
h3 Nb4 9. Ng3 c5 10. dxc5 Bxc5 11. Bg5 h6 12. Bf4 Be6 13. Nf5 Re8 14. Qd2 Nxd3
15. Qxd3 d4 16. Na4 Qd5 17. Ng3 Bf8 18. Rfe1 b5 19. Re5 Qc6 20. Qxb5 Qxb5 21.
Rxb5 Bd7 22. Ra5 Bb4 23. Ra6 Bb5 24. Rxf6 gxf6 25. b3 Rac8 26. Nh5 Re2 27. Nxf6+
Kg7 28. Nd5 Be1 29. Bg3 Rcxc2 0-1

[Event "AUTO-MASTER-220"]
[Site "http://www.queenalice.com/game.php?id=119742"]
[Date "2006.10.21"]
[Round "1"]
[White "CPereira"]
[Black "QuickQuickSlow"]
[Result "1-0"]
[WhiteElo "1956"]
[BlackElo "1981"]

1. e4 c5 2. c3 d5 3. exd5 Qxd5 4. Nf3 Nf6 5. d4 Bg4 6. Nbd2 e6 7. Bc4 Qd8 8. h3
Bh5 9. Bb5+ Nbd7 10. O-O a6 11. Bd3 cxd4 12. cxd4 Be7 13. Ne4 Nxe4 14. Bxe4 Qb6
15. Qa4 Rd8 16. Re1 O-O 17. Qb3 Bf6 18. Qxb6 Nxb6 19. g4 Bg6 20. Bxb7 a5 21. Bf4
Bxd4 22. Nxd4 Rxd4 23. Be3 Rb4 24. b3 Rb8 25. Bc6 h6 26. Bc5 1-0